| 000 | 01069cab a2200289 4500 | ||
|---|---|---|---|
| 001 | ABS53600 | ||
| 008 | 090401t1995 xxu||||| |||| 00| 0 eng d | ||
| 035 | _a(Sirsi) u5274 | ||
| 041 | _aeng | ||
| 100 | _aHillson, S. | ||
| 245 | 4 | _aThe Landlord and Tenant (Covenants) Bill | |
| 260 | _c1995 | ||
| 350 | _a0 | ||
| 490 |
_aRent Review & Lease Renewal _v15(3) September 1995, 12-20(9) |
||
| 520 | _aExamines the provisions of the Landlord and Tenant (Covenants) Bill (introduced by Peter Thurnham MP) in the light of proposals agreed by the British retail Consortium and the British Property Federation and incorporated in a new Bill (now the Landlord and Tenant (Covenants) Act). | ||
| 650 | _aCONSENT TO ASSIGNMENT | ||
| 650 | _aGUARANTEES | ||
| 650 | _aJOINT AND SEVERAL LIABILITY | ||
| 650 | _aLANDLORD AND TENANT (COVENANTS) ACT 1995 | ||
| 650 | _aLANDLORD LIABILITY | ||
| 650 | _aNOTICE OF ARREARS | ||
| 650 | _aPRIVITY OF CONTRACT | ||
| 650 | _aTENANT LIABILITY | ||
| 690 | _aPROPERTY-LANDLORD AND TENANT | ||
| 942 | _n0 | ||
| 948 | _c04/03/1997 | ||
| 999 |
_c3143 _d3143 |
||